[Event "AUTO-OPEN-484"]
[Site "http://www.queenalice.com/game.php?id=142727"]
[Date "2006.12.17"]
[Round "1"]
[White "lyon691"]
[Black "alucard_kill"]
[Result "0-1"]
[WhiteElo "1500"]
[BlackElo "1500"]

1. e4 Nf6 2. Nc3 e5 3. Nf3 Nc6 4. Bb5 Bb4 5. Nd5 Nxd5 6. exd5 e4 7. Qe2 O-O 8.
dxc6 dxc6 9. Qxe4 Re8 10. Ne5 cxb5 11. c3 Bd6 12. d4 f6 13. Nc6 Rxe4+ 14. Be3
bxc6 15. O-O Ba6 0-1

[Event "AUTO-OPEN-484"]
[Site "http://www.queenalice.com/game.php?id=142764"]
[Date "2006.12.17"]
[Round "1"]
[White "castle_king"]
[Black "lyon691"]
[Result "0-1"]
[WhiteElo "1148"]
[BlackElo "1426"]

1. c4 e5 2. Nf3 Nc6 3. Nc3 Bb4 4. a3 Ba5 5. b4 Bb6 6. e4 Bd4 7. Nd5 Bxa1 8. d3
Bc3+ 9. Nd2 d6 10. Nxc3 Nd4 11. h3 f5 12. Qh5+ g6 13. Qd1 Nf6 14. g3 Be6 15.
Qa4+ Qd7 16. b5 O-O 17. Qb4 Nc2+ 18. Kd1 Nxb4 19. axb4 c6 20. Ba3 cxb5 21. Nxb5
fxe4 22. Nxe4 Nxe4 23. Be2 Nxf2+ 0-1

[Event "charles31"]
[Site "http://www.queenalice.com/game.php?id=148745"]
[Date "2007.1.1"]
[Round "1"]
[White "lyon691"]
[Black "gillou91"]
[Result "0-1"]
[WhiteElo "1426"]
[BlackElo "2055"]

1. e4 d5 2. exd5 Qxd5 3. Nc3 Qa5 4. d4 c6 5. Bf4 Bf5 6. Bd3 Nf6 7. Nf3 e6 8.
Bxf5 Qxf5 9. Be5 Nbd7 10. O-O O-O-O 11. Qd2 Nxe5 12. Nxe5 Qxe5 13. dxe5 Rxd2 14.
exf6 gxf6 15. Rac1 f5 16. Rfd1 Bh6 17. g3 Rhd8 18. f4 Bg7 19. h4 Bxc3 0-1

[Event "Challenge"]
[Site "http://www.queenalice.com/game.php?id=174516"]
[Date "2007.2.27"]
[Round "-"]
[White "lyon691"]
[Black "jdmacguffin"]
[Result "0-1"]
[WhiteElo "1565"]
[BlackElo "1632"]

1. e4 c5 2. Nf3 g6 3. d4 cxd4 4. c3 dxc3 5. Nxc3 Bg7 6. Bf4 Nc6 7. Bb5 Nf6 8. e5
Ng4 9. h3 O-O 10. hxg4 a6 11. Bd3 Qa5 12. Qd2 d6 13. Bh6 Nxe5 14. Bxg7 Kxg7 15.
Qh6+ Kf6 16. Nd4 Nxg4 17. Qh4+ Kg7 18. Qxh7+ Kf6 19. O-O-O Nxf2 20. Qh4+ Qg5+
21. Qxg5+ Kxg5 22. Ne4+ Nxe4 23. Bxe4 Bg4 24. Nf3+ Bxf3 25. gxf3 Rac8+ 26. Kd2
b5 27. Ke3 Rh8 28. Bb7 Rxh1 29. Rxh1 Rc2 30. Rb1 a5 31. Ba6 b4 32. Bd3 Rh2 33.
Kd4 Kf4 34. Bc4 f6 35. Kd5 Rh5+ 36. Ke6 Re5+ 37. Kd7 Kxf3 38. Rf1+ Ke4 39. Re1+
Kd4 40. Rxe5 dxe5 41. b3 g5 42. Be6 e4 43. Kxe7 e3 44. Bc4 f5 45. Kf6 f4 46.
Kxg5 f3 47. Kf4 e2 0-1

[Event "Challenge"]
[Site "http://www.queenalice.com/game.php?id=174868"]
[Date "2007.2.27"]
[Round "-"]
[White "lyon691"]
[Black "Gustavo14deltablon"]
[Result "0-1"]
[WhiteElo "1545"]
[BlackElo "1606"]

1. e4 e5 2. Nf3 Nc6 3. Bb5 a6 4. Ba4 Nf6 5. Nc3 b5 6. Bb3 Be7 7. Bd5 Bd6 8. d4
exd4 9. Nxd4 Nxd5 10. Nxd5 O-O 11. f4 Bc5 12. c3 Bb7 13. h4 Nxd4 14. cxd4 Bxd5
15. exd5 Bb4+ 16. Bd2 Re8+ 17. Kf2 Bxd2 18. Qxd2 Qf6 19. g3 Re4 20. Rhd1 Rae8
21. Kf1 Re3 22. Kf2 Qg6 23. Rg1 Qe4 24. Rae1 Qf3# 0-1

[Event "Challenge"]
[Site "http://www.queenalice.com/game.php?id=198620"]
[Date "2007.4.18"]
[Round "-"]
[White "CVogt"]
[Black "lyon691"]
[Result "1-0"]
[WhiteElo "1490"]
[BlackElo "1527"]

1. e4 e5 2. Nf3 Nc6 3. Nc3 Bb4 4. Bc4 Nf6 5. O-O Bxc3 6. dxc3 Nxe4 7. Re1 Nf6 8.
Bd5 Nxd5 9. Nxe5 Nde7 10. Qf3 Nxe5 11. Rxe5 d6 12. Re4 f5 13. Re3 O-O 14. Re2
Ng6 15. Qh5 Nf4 16. Bxf4 g6 17. Qh6 Re8 18. Bg5 Qd7 19. Rae1 Rxe2 20. Rxe2 b5
21. Re7 1-0

[Event "Challenge"]
[Site "http://www.queenalice.com/game.php?id=199301"]
[Date "2007.4.19"]
[Round "-"]
[White "lyon691"]
[Black "erikmartinelli"]
[Result "0-1"]
[WhiteElo "1504"]
[BlackElo "1517"]

1. e4 e5 2. Nf3 d6 3. d4 exd4 4. c3 dxc3 5. Nxc3 Nf6 6. Bg5 Nbd7 7. Nd5 Nxd5 8.
Bxd8 f6 9. Qxd5 Nb6 10. Qd2 Kxd8 11. Bc4 Nxc4 12. Qc3 Nb6 13. Rc1 Be6 14. Qxc7+
Ke8 15. Ke2 Rc8 16. Qxb7 Bc4+ 17. Kd2 d5 18. exd5 Bxd5 19. Rxc8+ Nxc8 0-1

[Event "Challenge"]
[Site "http://www.queenalice.com/game.php?id=206150"]
[Date "2007.5.4"]
[Round "-"]
[White "lyon691"]
[Black "conan"]
[Result "0-1"]
[WhiteElo "1460"]
[BlackElo "1455"]

1. e4 c6 2. d4 d5 3. e5 a5 4. c4 e6 5. c5 b5 6. Nf3 a4 7. Nc3 b4 8. Nxa4 Be7 9.
Nb6 Ra6 10. Bxa6 Bxa6 11. Bf4 h6 0-1

[Event "Challenge"]
[Site "http://www.queenalice.com/game.php?id=206151"]
[Date "2007.5.4"]
[Round "-"]
[White "lyon691"]
[Black "conan"]
[Result "0-1"]
[WhiteElo "1442"]
[BlackElo "1505"]

1. e4 e5 2. Nf3 Bd6 3. d4 Qe7 4. Nc3 exd4 5. Nxd4 Nf6 6. Bg5 O-O 7. f4 Bc5 8. e5
d5 9. Nxd5 Qd7 10. exf6 Qxd5 11. fxg7 Re8+ 0-1

[Event "Challenge"]
[Site "http://www.queenalice.com/game.php?id=206152"]
[Date "2007.5.4"]
[Round "-"]
[White "lyon691"]
[Black "conan"]
[Result "0-1"]
[WhiteElo "1406"]
[BlackElo "1593"]

1. e4 e5 2. d4 Bd6 3. d5 Nf6 4. Nc3 c5 5. Bg5 Qc7 6. Nf3 a5 7. Bb5 O-O 8. Qd2 c4
9. O-O-O Bc5 10. d6 Bxd6 11. Qxd6 Qxd6 0-1

[Event "Challenge"]
[Site "http://www.queenalice.com/game.php?id=206153"]
[Date "2007.5.4"]
[Round "-"]
[White "lyon691"]
[Black "conan"]
[Result "0-1"]
[WhiteElo "1427"]
[BlackElo "1543"]

1. e4 e5 2. f4 Bc5 3. Nf3 Nf6 4. d4 exd4 5. Nxd4 O-O 6. f5 Re8 7. Nc3 d5 8. Bg5
dxe4 9. Be3 Re5 10. Bg5 Bxd4 11. Bxf6 Qxf6 0-1

[Event "Challenge"]
[Site "http://www.queenalice.com/game.php?id=206154"]
[Date "2007.5.4"]
[Round "-"]
[White "lyon691"]
[Black "conan"]
[Result "0-1"]
[WhiteElo "1415"]
[BlackElo "1571"]

1. e4 e5 2. Nf3 Nf6 3. Nc3 Bc5 4. d4 exd4 5. Nd5 c6 6. Nxf6+ Qxf6 7. Bg5 Qe6 8.
Nxd4 Qxe4+ 9. Qe2 d5 10. Qxe4+ dxe4 11. Bc4 Bxd4 0-1

[Event "Challenge"]
[Site "http://www.queenalice.com/game.php?id=206155"]
[Date "2007.5.4"]
[Round "-"]
[White "lyon691"]
[Black "conan"]
[Result "0-1"]
[WhiteElo "1406"]
[BlackElo "1611"]

1. e4 e5 2. Nf3 Bd6 3. d4 Nf6 4. dxe5 Nxe4 5. Bd3 Nxf2 6. Kxf2 Bc5+ 7. Be3 b6 8.
Be4 d5 9. Qxd5 O-O 10. Qxd8 Rxd8 11. Bxa8 c6 0-1

[Event "Challenge"]
[Site "http://www.queenalice.com/game.php?id=206156"]
[Date "2007.5.4"]
[Round "-"]
[White "conan"]
[Black "lyon691"]
[Result "1-0"]
[WhiteElo "1383"]
[BlackElo "1484"]

1. d4 d5 2. e3 Nc6 3. Bb5 Bd7 4. Nf3 e5 5. Nc3 Bb4 6. O-O Bg4 7. dxe5 f6 8. Nxd5
a6 9. Bxc6+ bxc6 10. Nxb4 Qxd1 11. Rxd1 Bxf3 12. gxf3 1-0